000 00272nam a2200121 a 4500
008 101026s1980|||| d
100 1 _aModiano, Patrick
245 1 0 _aVila Triste
260 _bTatran
_aBratislava
_c1980
020 _c15
041 _aslo
044 _axo
_cSK
999 _c12274
_d12274